Plataforma de adquisición y análisis de datos en tiempo real

Furkejuvvon:
Bibliográfalaš dieđut
Váldodahkki: Vargas Morales, Andrés
Materiálatiipa: Girji
Almmustuhtton: San José, C.R. 1999
Fáttát:
Fáddágilkorat: Lasit fáddágilkoriid
Eai fáddágilkorat, Lasit vuosttaš fáddágilkora!

MARC

LEADER 00000nam a2200000Ia 4500
003 008670
005 20221231144218.0
008 140114s1999 cr a m 000 ||s d
040 |c cru CEDI 
090 |a TFG 3983 
100 |a Vargas Morales, Andrés  |9 8735 
245 |a Plataforma de adquisición y análisis de datos en tiempo real 
260 |c 1999  |a  San José, C.R.  
300 |a ix, 55 hojas  
500 |a  Proyecto de graduación (bachillerato en ingeniería eléctrica)--Universidad de Costa Rica. Facultad de Ingeniería. Escuela de Ingeniería Eléctrica 
650 |x CIRCUITOS DE IMPULSOS   |x PROCESAMIENTO DE SEÑALES   |x COMUNICACIONES DIGITALES  |9 8736 
942 |c TFG 
999 |c 18512  |d 18512